000 00267nam a2200109Ia 4500
008 201216s9999 xx 000 0 und d
100 _aTrivedi, H. M.
245 0 _aIndian Shipping In Perspective
260 _aNew Delhi
_bVikas Publishing
300 _a540
942 _cBK
999 _c6276
_d6276